000 00441nam a2200157 i 4500
001 93228
003 ES-MaACL
005 20230906181142.0
007 t|
008 050408s1969 sp ||||1| spa d
100 1 _aLopera, Francisco.
_973284
245 1 0 _aFusión de sociedades /
_cFormularios por Francisco Lopera.
260 _aMadrid :
_bFormularios Lopera,
_c1969.
300 _a56 p. ;
_c20 cm.
852 _aES-MaACL
_jC-50382
_bR.68846
999 _c93228
_d93228